000 00306nam a2200133Ia 4500
008 200103s9999||||xx |||||||||||||| ||und||
040 _aIMU-MPC
082 _aColumn-65
100 _aZelenin, V.
245 0 _aStrength your heart
260 _bMir Publishers, Moscow
_c1979
300 _a110
942 _cBK
999 _c11482
_d11482